000 00687cam a2200253 4500
001 408
003 BD-RjUL
005 20211208233155.0
008 131129s1966 enk 000 0 eng d
035 _a(BD-RjUL)425
040 _aDLC
_cDLC
_dDLC
_beng
041 _aeng
082 0 0 _a025.43
_216
_bBAI 1966
100 1 _aBatty, C. D.
_91271
245 1 3 _aAn introduction to colon classification /
_cC. D. Batty.
260 _aLondon :
_bClive Bingley,
_c c1966.
300 _a90 p. ;
_c23 cm.
526 _bLibrary science
650 0 _aColon classification.
_91272
650 0 _aClassification
_xBooks.
_91269
942 _2ddc
_cBK
999 _c408
_d408